000 00292nam a22001337a 4500
008 190225b xxu||||| |||| 00| 0 eng d
020 _a9780321149633
041 _aeng
080 _a311
100 _a55
101 _aSTA
245 _aElementary Statistics
_cTriola, M.F
942 _2udc
_cBK
999 _c54243
_d54243